| Tag |
First Indicator |
Second Indicator |
Subfields |
| LEADER |
00000cam a22000004a 4500 |
| 001 |
in00002524721 |
| 005 |
20151111082429.0 |
| 008 |
090121s2009 enkab b 001 0 eng |
| 010 |
|
|
|a 2009001745
|
| 020 |
|
|
|a 9781405189439 (hardback : alk. paper)
|
| 020 |
|
|
|a 1405189436 (hardback : alk. paper)
|
| 029 |
1 |
|
|a BWK
|b L0827575
|
| 029 |
1 |
|
|a BWX
|b R2806563
|
| 029 |
1 |
|
|a AU@
|b 000043792675
|
| 035 |
|
|
|a (OCoLC)ocn300279948
|
| 035 |
|
|
|a (OCoLC)300279948
|
| 040 |
|
|
|a DLC
|c DLC
|d YDXCP
|d BWKUK
|d BWK
|d BWX
|d UtOrBLW
|
| 049 |
|
|
|a TXAM
|
| 050 |
0 |
0 |
|a HD9715.A2
|b L33 2009
|
| 082 |
0 |
0 |
|a 331.2/046900973
|2 22
|
| 245 |
0 |
0 |
|a Labour conditions for construction :
|b building cities, decent work & the role of local authorities /
|c edited by Roderick Lawrence and Edmundo Werna.
|
| 246 |
3 |
|
|a Labor conditions for construction
|
| 264 |
|
1 |
|a Chichester, U.K. ;
|a Ames, Iowa :
|b Wiley-Blackwell,
|c 2009.
|
| 300 |
|
|
|a xxix, 281 pages :
|b illustrations, maps ;
|c 25 cm.
|
| 336 |
|
|
|a text
|b txt
|2 rdacontent
|
| 337 |
|
|
|a unmediated
|b n
|2 rdamedia
|
| 338 |
|
|
|a volume
|b nc
|2 rdacarrier
|
| 504 |
|
|
|a Includes bibliographical references and index.
|
| 505 |
0 |
|
|a Conceptual and methodological issues / Roderick Lawrence & Mariana Paredes Gil -- Measuring decent work / Mariana Paredes Gil -- Local authorities and the construction industry / Mariana Paredes Gil & Edmundo Werna -- Dar es Salaam / Jill Wells -- Santo Andre / Mariana Paredes Gil -- Conclusions and recommendations / Roderick Lawrence, Yves Fluckiger, Cedric Lambert, Mariana Paredes Gill & Edmundo Werna.
|
| 650 |
|
0 |
|a Construction workers
|x Employment.
|
| 650 |
|
0 |
|a Construction industry
|x Employees
|x Health and hygiene.
|
| 650 |
|
0 |
|a Work environment.
|
| 650 |
|
0 |
|a Labor policy.
|
| 650 |
|
0 |
|a Quality of work life
|x Government policy.
|
| 650 |
|
0 |
|a Local government.
|
| 650 |
|
0 |
|a Administrative responsibility.
|
| 700 |
1 |
|
|a Lawrence, Roderick J.
|
| 700 |
1 |
|
|a Werna, Edmundo.
|
| 938 |
|
|
|a YBP Library Services
|b YANK
|n 100521542
|
| 938 |
|
|
|a Blackwell Book Service UK
|b BBUK
|n L0827575
|c 99.00
|
| 938 |
|
|
|a Blackwell Book Service
|b BBUS
|n R2806563
|c $169.99
|
| 945 |
|
|
|a PromptCat
|b 820267
|
| 946 |
|
|
|a west,stk
|
| 947 |
|
|
|a A14839965860
|
| 994 |
|
|
|a 92
|b TXA
|
| 948 |
|
|
|a cataloged
|b h
|d 2009/10/28
|h c
|e asalazar
|f 11:04:22 am
|
| 999 |
|
|
|a MARS
|
| 999 |
f |
f |
|s d2389982-072d-38fb-9a17-ee4d7608fc56
|i e75974f9-c2ab-39e5-ac1b-d9d534b04ca9
|t 0
|
| 952 |
f |
f |
|p ric
|a Texas A&M University
|b Rellis Campus
|c Joint Library Facility
|d Remote Storage
|t 0
|e HD9715.A2 L33 2009
|h Library of Congress classification
|i unmediated -- volume
|m A14839965860
|
| 998 |
f |
f |
|a HD9715.A2 L33 2009
|t 0
|l Remote Storage
|